000 00585nam a2200229Ia 4500
003 OSt
005 20220928140921.0
006 a|||||r|||| 00| 0
007 ta
008 220927b |||||||| |||| 00| 0 eng d
024 _a12486
037 _cTextual
040 _aSDCL
_cSDCL
_beng
041 _2eng
_aeng
082 _aV1:19'N3, J0
100 _aGathorne-Hardy G M
_9498197
245 0 _aShort history of international affairs 1920-1939
250 _a4
260 _c1950
942 _hV1:19'N3, J0
_cTEXL
_2CC
999 _c814895
_d814895